00434pab a2200145 454500008004000000100001700040245009500057260000900152300001300161362000800174650002500182650001600207700002000223773004500243180718b2001 xxu||||| |||| 00| 0 eng d aPlace, Frank aTenure, agricultural investment, and productivity in the customary tenure sector of Malawi c2001 ap.77-99. aOct aLand tenure - Malawi aLand tenure aOtsuka, Keijiro aEconomic Development and Cultural Change